The Complete Dog Book /

Guardat en:
Dades bibliogràfiques
Autor corporatiu: The American Kennel Club
Format: Llibre
Idioma:anglès
Publicat: Nueva York, EUA : Howell Book House, 1978, c1975
Etiquetes: Afegir etiqueta
Sense etiquetes, Sigues el primer a etiquetar aquest registre!

MARC

LEADER 00000nam^a2200000^a^4500
001 000582324
005 20250521000000.0
009 20260310132628.724
020 |a 0-87605-461-0 
037 |a Acervo ITESO - Biblioteca 
041 |a ING 
091 |a FLG. 01207 
110 |a The American Kennel Club 
245 1 4 |a The Complete Dog Book / 
264 4 |a Nueva York, EUA :  |b Howell Book House,  |c 1978, c1975 
300 |a 672 p. 
336 |a texto  |b txt  |2 rdacontenido 
337 |a sin mediación  |b n  |2 rdamedio 
338 |a volumen  |b nc  |2 rdasoporte 
649 |a XX 
910 |a Fondo Luis González de Alba 
920 |a Impresos - Libros 
930 |a Fondos Especiales 
905 |a 141 
901 |a 0500397064  |b IT2  |c ESP  |i D103556  |u 20250521 
902 |a https://opac.biblio.iteso.mx/vufind/Record/000582324